000 01066cab a2200181 4500
001 L130001
008 050614n2005 000 0 eng u
035 _a(Sirsi) u130001
041 _aeng
100 _aCooke, Howard
245 _aDealing with the boardroom burden
260 _c2005
490 _aFacilities Management
_v12(9) June 2005, 13-15(3)
520 _aNotes how the forthcoming International Accounting Standards are making UK businesses more aware of the management of their property. The two that are particularly relevant for the corporate occupier are Financial Reporting Standards 12 and International Accounting Standards 17. Also mentions the annual Corporate Occupiers report produced by FraserCRE which looks at the attitudes and opinions of UK corporate occupiers. This found that 63% of businesses would like to shed space and 57% of respondents would be prepared to sacrifice security of tenure for more flexible leases.
590 _aIKA210605
690 _aMANAGEMENT-BUSINESS MANAGEMENT-FINANCIAL MANAGEMENT-ACCOUNTING
942 _n0
999 _c75387
_d75387